| Tag |
First Indicator |
Second Indicator |
Subfields |
| LEADER |
00000cam a2200000 4500 |
| 001 |
in00000052685 |
| 005 |
20210501063705.0 |
| 008 |
770825s1949 enka 00000 eng |
| 010 |
|
|
|a 50005023
|
| 035 |
|
|
|a (OCoLC)03219404
|
| 035 |
|
|
|9 AAE7418AM
|
| 040 |
|
|
|a DLC
|c OCP
|d TXA
|d UtOrBLW
|
| 049 |
|
|
|a TXAM
|c [174985]
|
| 050 |
|
0 |
|a QD253
|b .M5
|
| 082 |
0 |
|
|a 547
|
| 092 |
|
|
|a 547
|b M628s
|
| 100 |
1 |
|
|a Middleton, Herbert.
|
| 245 |
1 |
0 |
|a Simple organic practice.
|
| 264 |
|
1 |
|a London :
|b E. Arnold,
|c [1949]
|
| 300 |
|
|
|a viii, 172 pages :
|b illustrations ;
|c 23 cm.
|
| 336 |
|
|
|a text
|b txt
|2 rdacontent
|
| 337 |
|
|
|a unmediated
|b n
|2 rdamedia
|
| 338 |
|
|
|a volume
|b nc
|2 rdacarrier
|
| 500 |
|
|
|a "Part II is a greatly abridged version of the author's Systematic qualitative organic analysis."
|
| 650 |
|
0 |
|a Chemistry, Organic.
|
| 650 |
|
0 |
|a Analytical chemistry
|x Qualitative.
|
| 700 |
1 |
|
|a Middleton, Herbert.
|t Systematic qualitative organic analysis.
|
| 999 |
|
|
|a MARS
|
| 999 |
f |
f |
|s 8192ba55-49ea-30b0-a22a-1a7ff13e40da
|i 24d2bd15-b246-3cfe-ac2e-3470d16f385f
|t 0
|
| 952 |
f |
f |
|p ric
|a Texas A&M University
|b Rellis Campus
|c Joint Library Facility
|d Remote Storage
|t 0
|e QD253 .M5
|h Library of Congress classification
|i unmediated -- volume
|m A14800943239
|
| 998 |
f |
f |
|a QD253 .M5
|t 0
|l Remote Storage
|